Közúti gyógyszerszállítás Európában

Bibliográfiai részletek
Szerző: Polyák Zoltán
További közreműködők: Király Dr. Éva
Dokumentumtípus: Diplomadolgozat
Kulcsszavak:Gyógyszerszállítás
Közúti szállítmányozás
Gyógyszerlogisztika
DHL Freight Magyarország
Helyes Nagykereskedelmi Gyakorlat
Online Access:http://dolgozattar.uni-bge.hu/3893

MARC

LEADER 00000nta a2200000 i 4500
001 dolg3893
005 20260101060017.0
008 151201suuuu hu om 000 hun d
040 |a BGE Dolgozattár Repozitórium  |b hun 
041 |a hu 
100 1 |a Polyák Zoltán 
245 1 0 |a Közúti gyógyszerszállítás Európában  |c Polyák Zoltán  |h [elektronikus dokumentum] 
695 |a Gyógyszerszállítás 
695 |a Közúti szállítmányozás 
695 |a Gyógyszerlogisztika 
695 |a DHL Freight Magyarország 
695 |a Helyes Nagykereskedelmi Gyakorlat 
700 1 |a Király Dr. Éva  |e ths 
856 4 0 |u http://dolgozattar.uni-bge.hu/3893/1/Polyak_Zoltan_2015.pdf  |z Dokumentum-elérés